Normal view
MARC view
- Fazlur Rahman
Entry Personal Name
001 - CONTROL NUMBER
- control field: 122176
003 - CONTROL NUMBER IDENTIFIER
- control field: NUST
005 - DATE AND TIME OF LATEST TRANSACTION
- control field: 20240321104347.0
008 - FIXED-LENGTH DATA ELEMENTS
- fixed length control field: 240321|| aca||aabn | a|a d
040 ## - CATALOGING SOURCE
- Original cataloging agency: NUST
- Transcribing agency: NUST
100 ## - HEADING--PERSONAL NAME
- Personal name: Fazlur Rahman
670 ## - SOURCE DATA FOUND
- Source citation: Work cat.: (NUST)348904: Ahmed Sir Hindi, Sheikh 122175, Intikhab Maktoobat Sheikh Ahmed Sir Hindi., 1968.
